Engineering thermodynamics (Record no. 3455)

000 -LEADER
fixed length control field 00570nam a22002177a 4500
001 - CONTROL NUMBER
control field 3455
003 - CONTROL NUMBER IDENTIFIER
control field BD-DhUET
008 - FIXED-LENGTH DATA ELEMENTS--GENERAL INFORMATION
fixed length control field 141029b xxu||||| |||| 00| 0 eng d
020 ## - INTERNATIONAL STANDARD BOOK NUMBER
International Standard Book Number 0023573902
040 ## - CATALOGING SOURCE
Transcribing agency 0
Modifying agency BD-DhUET
082 ## - DEWEY DECIMAL CLASSIFICATION NUMBER
Classification number 621.01
Item number HUA/1976
100 ## - MAIN ENTRY--PERSONAL NAME
Personal name Huang, Francis F.
245 ## - TITLE STATEMENT
Title Engineering thermodynamics
Remainder of title fundamentals and applications
250 ## - EDITION STATEMENT
Edition statement 1st ed.
260 ## - PUBLICATION, DISTRIBUTION, ETC. (IMPRINT)
Place of publication, distribution, etc. New York
Name of publisher, distributor, etc. Macmillan publishing
Date of publication, distribution, etc. 1976
300 ## - PHYSICAL DESCRIPTION
Extent xxi, 535 p.
Other physical details
500 ## - GENERAL NOTE
General note Part- I
650 #0 - SUBJECT ADDED ENTRY--TOPICAL TERM
Topical term or geographic name as entry element Thermodynamics-Engineering
650 #0 - SUBJECT ADDED ENTRY--TOPICAL TERM
Topical term or geographic name as entry element Thermodynamics
942 ## - ADDED ENTRY ELEMENTS (KOHA)
Koha item type General Book
Holdings
Location (home branch) Price effective from Sublocation or collection (holding branch) Date acquired Damaged status Shelving location Piece designation (barcode) Koha date last seen Koha normalized classification for sorting Withdrawn status Not for loan Lost status Koha item type Koha full call number Copy number Source of classification or shelving scheme
Central Library, BUET2014-10-29Central Library, BUET2014-10-29 Circulation section866632014-10-29621_010000000000000_HUA_1976   General Book621.01/HUA/19761 
Central Library, BUET2015-02-08Central Library, BUET2015-02-08 Circulation section566472015-02-08621_010000000000000_HUA_1976   General Book621.01/HUA/19762 
Central Library, BUET2015-04-12Central Library, BUET2015-04-12 Circulation section750032015-04-12621_010000000000000_HUA_1976   General Book621.01/HUA/19763 
Central Library, BUET2018-05-20Central Library, BUET1989-07-30 Circulation section749992018-05-20621_010000000000000_HUA_1976   General Book621.01/HUA/19764